000
00306nam a2200133Ia 4500
100
_a
Khambata adi J
942
_c
BK
654
_a
Z80 microcomputer
245
_a
Introduction to the Z80 microcomputer
260
_b
John wiley
_a
New York
_c
1982
082
_a
1.642
_b
KHA
546
_a
ENGLISH
999
_c
29113
_d
29113